Abstracts of PhD and MSc theses in agroforestry, 1999-2005 (Record no. 75549)
[ view plain ]
| 000 -LEADER | |
|---|---|
| fixed length control field | 00813nam a2200169 a 4500 |
| 008 - FIXED-LENGTH DATA ELEMENTS--GENERAL INFORMATION | |
| fixed length control field | 060712s2005 ||||||||||||||||| || u |
| 050 ## - LIBRARY OF CONGRESS CALL NUMBER | |
| Classification number | ICRAF(02)2005/1 |
| 100 ## - MAIN ENTRY--PERSONAL NAME | |
| Personal name | Mulinge, Rita |
| 245 10 - TITLE STATEMENT | |
| Title | Abstracts of PhD and MSc theses in agroforestry, 1999-2005 |
| Statement of responsibility, etc. | compiled by Rita Mulinge |
| 260 ## - PUBLICATION, DISTRIBUTION, ETC. | |
| Place of publication, distribution, etc. | Nairobi |
| Name of publisher, distributor, etc. | ICRAF |
| Date of publication, distribution, etc. | 2005 |
| 350 ## - | |
| -- | 0.00 |
| 650 ## - SUBJECT ADDED ENTRY--TOPICAL TERM | |
| Topical term or geographic name entry element | FORESTRY |
| 650 ## - SUBJECT ADDED ENTRY--TOPICAL TERM | |
| Topical term or geographic name entry element | AGROFORESTRY--BIBLIOGRAPHY--CATALOGS |
| 710 ## - ADDED ENTRY--CORPORATE NAME | |
| Corporate name or jurisdiction name as entry element | World Agroforestry Centre (WAC) |
| 995 ## - | |
| -- | SPECIAL COLLECTIONS |
| -- | 0.00 |
| -- | ICRAF(02)2005/1A |
| -- | CBU-MAIN LIBRARY (Kitwe) |
| -- | 1 |
| -- | 0.00 |
| -- | ICRAF(02)2005/1 |
| -- | 1 |
| -- | AVAILABLE |
| -- | Jul 12, 2006 |
| -- | Z03000665 |
| -- | International Publications |
| 995 ## - | |
| -- | SPECIAL COLLECTIONS |
| -- | 0.00 |
| -- | ICRAF(02)2005/1B |
| -- | CBU-MAIN LIBRARY (Kitwe) |
| -- | 1 |
| -- | 0.00 |
| -- | ICRAF(02)2005/1 |
| -- | 2 |
| -- | AVAILABLE |
| -- | Jul 12, 2006 |
| -- | Z03000666 |
| -- | International Publications |
| 999 ## - | |
| -- | 75549 |
| -- | 75549 |
| Withdrawn status | Lost status | Source of classification or shelving scheme | Damaged status | Not for loan | Permanent Location | Current Location | Shelving location | Date acquired | Total Checkouts | Full call number | Barcode | Date last seen | Copy number | Price effective from | Koha item type |
|---|---|---|---|---|---|---|---|---|---|---|---|---|---|---|---|
| CBU-MAIN LIBRARY, KITWE. | CBU-MAIN LIBRARY, KITWE. | 03/30/2023 | ICRAF(02)2005/1 | Z03000665 | 03/30/2023 | 1 | 03/30/2023 | SPECIAL COLLECTION | |||||||
| CBU-MAIN LIBRARY, KITWE. | CBU-MAIN LIBRARY, KITWE. | 03/30/2023 | ICRAF(02)2005/1 | Z03000666 | 03/30/2023 | 2 | 03/30/2023 | SPECIAL COLLECTION |